000 00675nam a2200253Ia 4500
003 OSt
005 20221007110531.0
006 a|||||r|||| 00| 0
007 ta
008 221006b |||||||| |||| 00| 0 eng d
020 _a0803916345
024 _a21,307
037 _cTextual
040 _aLCO
_cLCO
_beng
041 _2eng
_aeng
082 _aY:410t5, M1
100 _aInciardi James A. Ed.
_9707615
245 0 _aDrugs Crime Connection
260 _aCalifornia
_bSage Publication, Inc. U.S.A.
_c1981
300 _a272
650 _aDRUGS CRIME
_9707616
942 _hY:410t5, M1
_cTEXL
999 _c1190870
_d1190870